000 01551 a2200289 4500
003 Nust
005 20221020110433.0
010 _a 92000932
020 _a0387552154 (New York : acid-free paper)
020 _a3540552154 (Berlin : acid-free paper)
040 _cNust
082 0 0 _a005.82,LEC
100 _aFrisch, Th. Beth, M.
_9100944
245 0 0 _aPublic-key cryptography :
_bstate of the art and future directions : E.I.S.S. workshop, Oberwolfach, Germany, July 3-6, 1991 : final report /
_cTh. Beth, M. Frisch, G.J. Simmons, eds.
260 _aBerlin ;
_aNew York :
_bSpringer-Verlag,
_cc1992.
300 _axi, 97 p. :
_bill. ;
_c25 cm.
440 0 _aLecture notes in computer science ;
_v578
_926093
505 _aIntroduction (Page-1), Scope of the Workshop (Page-11), List of Topics Chosen Through Self-Assessment (Page-13), Short Classification and Description of the Most Prominent Public-Key Systems (Page-15), Public-Key Cryptography Depending on Computational Number Theory (Page-33), Public-Key System: Mistakes and Problems (Page-55), Projection of need and Requirements for Public-Key systems (Page-63).
650 0 _aComputers
_xAccess control.
_96085
650 0 _aPublic key cryptography.
_995279
700 1 _aBeth, Thomas,
_d1949-
_994624
700 1 _aFrisch, M.
_d1965-
_9100945
700 1 _aSimmons, Gustavus J.
_9100946
710 2 _aEuropean Institute for System Security.
_9100947
856 4 2 _3Publisher description
_uhttp://www.loc.gov/catdir/enhancements/fy0815/92000932-d.html
942 _cREF
_2ddc
_k005.82,LEC
999 _c175335
_d175335